|
|
|
|
| LEADER |
01068nam a2200265 a 4500 |
| 001 |
50227406 |
| 008 |
090916s2002 ii a 000 0 eng d |
| 010 |
|
|
|a 2002293043
|
| 020 |
|
|
|a 8174362010
|
| 040 |
|
|
|a DLC
|c DLC
|d WAU
|
| 082 |
0 |
0 |
|a 338.4/77461/0954
|2 22
|
| 245 |
0 |
0 |
|a Khādī :
|b the fabric of freedom
|
| 246 |
3 |
0 |
|a Fabric of freedom
|
| 260 |
|
|
|a New Delhi :
|b Amr Vastra Kosh Trust :
|b Distributed by Roli Books,
|c c2002
|
| 300 |
|
|
|a 70 p. :
|b ill. ;
|c 37 cm
|
| 500 |
|
|
|a "Volkart Foundation, Switzerland."
|
| 520 |
|
|
|a With reference to the techniques of Indian spun clothes industry, a type of cottage industry
|
| 541 |
1 |
|
|e 00019207
|
| 650 |
|
0 |
|a Handloom industry
|z India
|
| 650 |
|
0 |
|a Cottage industries
|z India
|
| 710 |
2 |
|
|a Volkart Foundation, Switzerland
|
| 710 |
2 |
|
|a Amr Vastra Kosh Trust (New Delhi, India)
|
| 852 |
4 |
|
|a Ayesha Abed Library
|j General Shelf.
|
| 999 |
|
|
|c 4189
|d 4189
|
| 952 |
|
|
|0 0
|1 0
|2 ddc
|4 0
|6 338_400000000000000_77461_0954_KHA
|7 0
|9 3852
|a BDI
|b BDI
|c GEN
|d 2009-10-04
|l 0
|o 338.4774610954 KHA
|p 3010019207
|r 2009-10-04
|t 1
|w 2009-10-04
|y BK
|